000 00306nam a22001337a 4500
008 170204b xxu||||| |||| 00| 0 eng d
020 _a2900763746345
041 _aeng
080 _26TH
_a61
100 _a3
101 _aSHM
245 _aINTRODUCTION TO COMMUNITY HEALTH
_cMCKENZIE, J.F
942 _2udc
_cBK
999 _c4562
_d4562